Assessment of the Code Refactoring Dataset Regarding the Maintainability of Methods

Elmentve itt :
Bibliográfiai részletek
Szerzők: Kádár István
Hegedűs Péter
Ferenc Rudolf
Gyimóthy Tibor
Dokumentumtípus: Cikk
Megjelent: 2016
Sorozat:THEORETICAL COMPUTER SCIENCE AND GENERAL ISSUES 9789
Tárgyszavak:
doi:10.1007/978-3-319-42089-9_43

mtmt:3170396
Online Access:http://publicatio.bibl.u-szeged.hu/38526
LEADER 00900nab a2200241 i 4500
001 publ38526
005 20251216133126.0
008 251216s2016 hu o 000 eng d
022 |a 2512-2010 
024 7 |a 10.1007/978-3-319-42089-9_43  |2 doi 
024 7 |a 3170396  |2 mtmt 
040 |a SZTE Publicatio Repozitórium  |b hun 
041 |a eng 
100 1 |a Kádár István 
245 1 0 |a Assessment of the Code Refactoring Dataset Regarding the Maintainability of Methods  |h [elektronikus dokumentum] /  |c  Kádár István 
260 |c 2016 
300 |a 610-624 
490 0 |a THEORETICAL COMPUTER SCIENCE AND GENERAL ISSUES  |v 9789 
650 4 |a Számítás- és információtudomány 
700 0 1 |a Hegedűs Péter  |e aut 
700 0 1 |a Ferenc Rudolf  |e aut 
700 0 1 |a Gyimóthy Tibor  |e aut 
856 4 0 |u http://publicatio.bibl.u-szeged.hu/38526/1/637_pdfsam_ComputationalScienceandItsApplicatio-1.pdf  |z Dokumentum-elérés